Matematika pre manažérov : Zbierka úloh

Salvato in:
Dettagli Bibliografici
Autore principale: Kalinová, Eva (Autore)
Natura: Libro
Lingua:slovacco
Pubblicazione: Bratislava : Iura Edition, 2008
Serie:Ekonómia 261
Soggetti:
Tags: Aggiungi Tag
Nessun Tag, puoi essere il primo ad aggiungerne!!

MARC

LEADER 00000nam a22000003a 4500
001 stu181060
005 20150617225610.2
008 090305s2008----xo------------------slo-d
020 |a 978-80-8078-225-2 
040 |a STU  |b slo 
041 0 |a slo 
044 |a xo 
080 |a 51  |7 stu_us_auth*stu8333 
100 1 |a Kalinová, Eva  |4 aut 
245 1 |a Matematika pre manažérov :  |b Zbierka úloh 
260 |a Bratislava :  |b Iura Edition,  |c 2008 
300 |a 118 s 
650 7 |a matematika  |2 stusub 
830 0 |a Ekonómia  |v 261 
996 |b 284M069898  |c M*12458-1  |l MMST  |s A  |a 24  |w stu181060_0001 
996 |b 284M069899  |c M*12458-2  |l MMKN  |s A  |a 24  |w stu181060_0002 
996 |b 284M069900  |c M*12458-3  |l MMKN  |s A  |a 24  |w stu181060_0003